| 000 | 00426nam a22001577a 4500 | ||
|---|---|---|---|
| 003 | PILC | ||
| 005 | 20151014160748.0 | ||
| 008 | 151014b xxu||||| |||| 00| 0 eng d | ||
| 050 |
_aRT 82 _b.B186 2009 |
||
| 100 | _aBalita, Carlito E. | ||
| 245 |
_aUltimate testing guide / _cCarlito E. Balita. |
||
| 260 | _c2009. | ||
| 300 |
_a453 pages ; _c22 cm. |
||
| 500 | _aIncludes bibliographical references. | ||
| 942 |
_2lcc _cBK _kFOR |
||
| 999 |
_c288862 _d288862 |
||